| 000 | 00468nam a2200181Ia 4500 | ||
|---|---|---|---|
| 008 | 240510s9999 xx 000 0 und d | ||
| 020 | _a9789551262211 | ||
| 041 | _asih | ||
| 082 | _a891.483 | ||
| 082 | _bM25 | ||
| 100 | _aDOYLE ,Arthur Conan :Trans:MENDIS ,Chandana | ||
| 245 | 0 | _aSiwu Rahas Salakuna Saha Hondama Sherlock Holmes Katha | |
| 260 | _bKotte:Chandana Mendis Publications | ||
| 260 | _c2012 | ||
| 300 | _a335 p. | ||
| 942 | _2ddc | ||
| 942 | _cLBK | ||
| 999 |
_c29016 _d29016 |
||
| 945 |
_a1 _bMadushi Gamage _c1 _dMadushi Gamage |
||